| 000 | 00910nam a2200241Ia 4500 | ||
|---|---|---|---|
| 003 | IN-BaIIA | ||
| 008 | 211028s9999 xx 000 0 eng d | ||
| 020 | _a3-540-08838-5 | ||
| 040 | _cIIA Library | ||
| 080 |
_a048:1:52 _b77-20 |
||
| 100 |
_aBohme, S _99376 |
||
| 111 |
_aInternational Astronomical Union Colloquium, no. 35, on Compilation, Critical Evaluation and Distribution of Stellar Data _910431 |
||
| 245 | 0 |
_aAstronomy and Astrophysics Abstracts vol.20, Literature 1977 pt 2 _cS. Bohme...[et al.] |
|
| 260 |
_aBerlin _bSpringer-Verlag _c1978 |
||
| 300 | _ax, 786p. | ||
| 650 |
_aAbstracts-Astronomy and Astrophysics _96051 |
||
| 650 |
_aAstronomy and Astrophysics Abstracts _96052 |
||
| 650 | _aAstronomy and Astrophysics thesaurus | ||
| 700 |
_aFricke, W. _99456 |
||
| 700 |
_aHefele, H. _99915 |
||
| 700 |
_aHeinrich, I. _99916 |
||
| 942 | _cBK | ||
| 999 |
_c6011 _d6011 |
||